[Event "Campeonato de España Femenino 2008"]
[Site "Novetle ESP"]
[Date "2008.08.04"]
[Round "1.1"]
[White "Cucarella Montell, Angels"]
[Black "Pares Vives, Natalia"]
[Result "0-1"]
[PlyCount "86"]
[EventDate "2008.08.04"]
[EventType "swiss"]
[EventRounds "9"]
[EventCountry "ESP"]
[Source "lmi"]
[SourceDate "2008.08.04"]
[WhiteElo "1941"]
[BlackElo "2321"]

1. e4 d6 2. d4 Nf6 3. Nc3 g6 4. g3 Bg7 5. Bg2 O-O 6. Nge2 Nbd7 7. h3 c6 8. a4
a5 9. O-O e5 10. Be3 exd4 11. Bxd4 Re8 12. g4 Nf8 13. Ng3 Ne6 14. Be3 Qe7 15.
f4 Nc5 16. Bxc5 dxc5 17. e5 Nd7 18. Nce4 f6 19. Qd3 fxe5 20. f5 Rf8 21. g5 gxf5
22. Nxf5 Qe6 23. Nxg7 Kxg7 24. Rxf8 Nxf8 25. Nxc5 Qe7 26. Qe3 Ng6 27. Rf1 Be6
28. Nd3 Bd5 29. b3 Re8 30. c4 Bxg2 31. Kxg2 e4 32. Nf2 Nh4+ 33. Kh1 Nf5 34.
Qc3+ Kg6 35. Ng4 e3 36. Qc2 Qe4+ 37. Qxe4 Rxe4 38. Re1 Kxg5 39. Kg2 h5 40. Nh2
Nh4+ 41. Kg3 Rf4 42. Re2 c5 43. Re1 Rf2 0-1

[Event "Campeonato de España Femenino 2008"]
[Site "Novetle ESP"]
[Date "2008.08.04"]
[Round "1.2"]
[White "Vega Gutierrez, Sabrina"]
[Black "Garcia Elio, Elisa"]
[Result "1-0"]
[PlyCount "57"]
[EventDate "2008.08.04"]
[EventType "swiss"]
[EventRounds "9"]
[EventCountry "ESP"]
[Source "lmi"]
[SourceDate "2008.08.04"]
[WhiteElo "2281"]
[BlackElo "1938"]

1. e4 e6 2. Nf3 d5 3. Nc3 d4 4. Ne2 c5 5. c3 Nc6 6. cxd4 cxd4 7. Qa4 Bd7 8.
Nexd4 Bc5 9. Nxc6 Bxc6 10. Bb5 Ne7 11. d4 Bb6 12. O-O O-O 13. Bxc6 Nxc6 14. Rd1
Rc8 15. Bg5 f6 16. Be3 Qe7 17. a3 Rfd8 18. Rac1 Kh8 19. Rc3 Qf7 20. Rcd3 Qg6
21. d5 exd5 22. exd5 Ne5 23. Nxe5 fxe5 24. d6 Bxe3 25. fxe3 a6 26. d7 Rc7 27.
Qa5 Qc6 28. Rc3 Rcxd7 29. Qxd8+ 1-0

[Event "Campeonato de España Femenino 2008"]
[Site "Novetle ESP"]
[Date "2008.08.04"]
[Round "1.3"]
[White "Riera Morilla, Elizabeth"]
[Black "Garcia Vicente, Nieves"]
[Result "0-1"]
[PlyCount "98"]
[EventDate "2008.08.04"]
[EventType "swiss"]
[EventRounds "9"]
[EventCountry "ESP"]
[Source "lmi"]
[SourceDate "2008.08.04"]
[WhiteElo "1915"]
[BlackElo "2214"]

1. e4 c5 2. Nf3 Nc6 3. d4 cxd4 4. Nxd4 e5 5. Nb5 a6 6. Nd6+ Bxd6 7. Qxd6 Qf6 8.
Qd3 Nge7 9. g3 d5 10. Nd2 O-O 11. Bg2 Qg6 12. O-O Rd8 13. Qa3 Be6 14. f4 exf4
15. Rxf4 dxe4 16. Bxe4 Bf5 17. Qe3 Bxe4 18. Qxe4 Nd5 19. Qxg6 hxg6 20. Rf2 Ne3
21. Nf1 Rd1 22. b3 Nb4 23. Bb2 Rxa1 24. Bxa1 Nbxc2 25. Nxe3 Nxe3 26. Bd4 Nf5
27. Bc5 Rd8 28. Re2 Rd7 29. Kg2 f6 30. b4 Kf7 31. a4 g5 32. Rc2 g6 33. Kf3 Ng7
34. g4 Ne6 35. Bb6 f5 36. Rc3 Rd1 37. h3 Rd7 38. Be3 Rd1 39. Bb6 Rd6 40. Be3
Rd7 41. Bb6 Nf4 42. Rc7 Rxc7 43. Bxc7 Nxh3 44. b5 axb5 45. axb5 Nf4 46. Be5 Ne6
47. Bc3 Nc7 48. b6 Nd5 49. Bd4 Ke6 0-1

[Event "Campeonato de España Femenino 2008"]
[Site "Novetle ESP"]
[Date "2008.08.04"]
[Round "1.4"]
[White "Gutierrez Castillo, Paloma"]
[Black "Beltran Ortiz, Edda Georgina"]
[Result "1/2-1/2"]
[PlyCount "101"]
[EventDate "2008.08.04"]
[EventType "swiss"]
[EventRounds "9"]
[EventCountry "ESP"]
[Source "lmi"]
[SourceDate "2008.08.04"]
[WhiteElo "2157"]
[BlackElo "1909"]

1. e4 c5 2. Nf3 e6 3. Nc3 Nc6 4. d4 cxd4 5. Nxd4 Qc7 6. Be2 a6 7. Be3 b5 8.
Nxc6 dxc6 9. f4 Bb7 10. O-O Rd8 11. Qe1 Nf6 12. e5 Nd5 13. Nxd5 cxd5 14. Qf2 d4
15. Bd2 Bc5 16. Bd3 O-O 17. Rae1 Rfe8 18. h4 Bd5 19. Qg3 Kh8 20. b3 Rc8 21. f5
exf5 22. Rxf5 g6 23. Bg5 Be7 24. Bh6 Rg8 25. Qf2 gxf5 26. Qxf5 Rxg2+ 27. Kf1
Rg6 28. Bf4 Be6 29. Qe4 Bxh4 30. Qh1 Qe7 31. Re2 Kg7 32. Bxg6 fxg6 33. Rh2 g5
34. Bxg5 Qf7+ 35. Bf6+ Kg8 36. Rxh4 Rxc2 37. Qg1+ Qg6 38. Qxg6+ hxg6 39. Rxd4
Rxa2 40. b4 Bc4+ 41. Kg1 Rb2 42. Be7 Re2 43. Rd8+ Kf7 44. Bd6 g5 45. Rf8+ Kg7
46. Rf6 g4 47. Rf2 Rxf2 48. Kxf2 Kg6 49. Kg3 Kf5 50. Bc7 Bd5 51. Bd6 1/2-1/2

[Event "Campeonato de España Femenino 2008"]
[Site "Novetle ESP"]
[Date "2008.08.04"]
[Round "1.5"]
[White "Ruiz De La Torre Perez, Cristina"]
[Black "Alfonso Nogue, Beatriz"]
[Result "1/2-1/2"]
[PlyCount "53"]
[EventDate "2008.08.04"]
[EventType "swiss"]
[EventRounds "9"]
[EventCountry "ESP"]
[Source "lmi"]
[SourceDate "2008.08.04"]
[WhiteElo "1908"]
[BlackElo "2147"]

1. d4 e6 2. c4 f5 3. h3 Bb4+ 4. Nc3 Nf6 5. Nf3 Ne4 6. Qc2 b6 7. g4 Bb7 8. Bg2
Bxc3+ 9. bxc3 O-O 10. Rg1 c5 11. gxf5 exf5 12. Bf4 d6 13. e3 Nd7 14. Ng5 Qe7
15. Nxe4 fxe4 16. O-O-O d5 17. cxd5 cxd4 18. Rxd4 Rac8 19. Kb2 Nc5 20. Bxe4
Nxe4 21. Qxe4 Qxe4 22. Rxe4 Bxd5 23. Rd4 Be6 24. h4 Rf5 25. Rg5 Rcc5 26. Rxf5
Rxf5 27. a3 1/2-1/2

[Event "Campeonato de España Femenino 2008"]
[Site "Novetle ESP"]
[Date "2008.08.04"]
[Round "1.6"]
[White "Vega Gutierrez, Belinda"]
[Black "Perez Castellano, Susana"]
[Result "1/2-1/2"]
[PlyCount "90"]
[EventDate "2008.08.04"]
[EventType "swiss"]
[EventRounds "9"]
[EventCountry "ESP"]
[Source "lmi"]
[SourceDate "2008.08.04"]
[WhiteElo "2129"]
[BlackElo "1857"]

1. e4 e5 2. Nf3 Nc6 3. Bb5 Nf6 4. Qe2 d6 5. c3 Bd7 6. O-O Be7 7. Ba4 O-O 8. d3
h6 9. h3 Re8 10. Be3 Bf8 11. Bc2 Ne7 12. Nbd2 Ng6 13. Nh2 d5 14. Rad1 Qe7 15.
Rfe1 Rad8 16. Ndf1 dxe4 17. dxe4 b6 18. Ng3 c5 19. Nf5 Bxf5 20. exf5 Nf4 21.
Qf3 N6d5 22. c4 e4 23. Qg4 h5 24. Qg3 Nxe3 25. Qxe3 Rxd1 26. Rxd1 Qg5 27. g4
hxg4 28. hxg4 Qh6 29. Kh1 Bd6 30. Rd2 Bb8 31. f3 Qh3 32. Bxe4 Qg3 33. Qf2 Qh3
34. Qf1 Qg3 35. Qf2 Qh3 36. Kg1 Be5 37. Qf1 Bd4+ 38. Rxd4 Qxf1+ 39. Nxf1 cxd4
40. Kf2 Rd8 41. Nd2 d3 42. Ke3 Ng2+ 43. Kf2 Nf4 44. Ke3 Ng2+ 45. Kf2 Nf4
1/2-1/2

[Event "Campeonato de España Femenino 2008"]
[Site "Novetle ESP"]
[Date "2008.08.04"]
[Round "1.7"]
[White "Ventos Alfonso, Alba"]
[Black "Redondo Arguelles, Graciela"]
[Result "0-1"]
[PlyCount "86"]
[EventDate "2008.08.04"]
[EventType "swiss"]
[EventRounds "9"]
[EventCountry "ESP"]
[Source "lmi"]
[SourceDate "2008.08.04"]
[WhiteElo "1836"]
[BlackElo "2120"]

1. e4 e6 2. d4 d5 3. Nd2 c5 4. exd5 exd5 5. Bb5+ Nc6 6. Ngf3 Bd6 7. dxc5 Bxc5
8. O-O Nge7 9. Nb3 Bd6 10. Re1 O-O 11. Bg5 Qc7 12. c3 Bg4 13. h3 Bh5 14. Be2 a6
15. Nfd4 Bg6 16. Bd3 Bxd3 17. Qxd3 Ne5 18. Qc2 Rfe8 19. Rad1 f6 20. Bc1 N7c6
21. Nf5 Nb4 22. Qd2 Nc4 23. Qd4 Be5 24. Qg4 Nxa2 25. Bh6 g6 26. Ra1 Nxc3 27.
bxc3 Bxc3 28. Rxe8+ Rxe8 29. Rd1 Re4 30. Qf3 Ne5 31. Qg3 Qc4 32. Rb1 Re2 33.
Ne7+ Kf7 34. Nxd5 Be1 35. Ne3 Qd3 36. Nc1 Bxf2+ 37. Qxf2 Qxb1 38. Qxe2 Qxc1+
39. Kf2 Qc3 40. Qa2+ Ke8 41. Qe6+ Kd8 42. Nd5 Nd3+ 43. Ke2 Qe1+ 0-1

[Event "Campeonato de España Femenino 2008"]
[Site "Novetle ESP"]
[Date "2008.08.04"]
[Round "1.8"]
[White "Gonzalez Berruga, Ana Isabel"]
[Black "Perez Gonzalez, Angela"]
[Result "1-0"]
[PlyCount "49"]
[EventDate "2008.08.04"]
[EventType "swiss"]
[EventRounds "9"]
[EventCountry "ESP"]
[Source "lmi"]
[SourceDate "2008.08.04"]
[WhiteElo "2021"]
[BlackElo "1822"]

1. e4 e6 2. Nf3 d5 3. Nc3 Nf6 4. e5 Nfd7 5. d4 c5 6. dxc5 Bxc5 7. Bd3 Nc6 8.
Bf4 Qb6 9. O-O Nb4 10. Na4 Qc6 11. Nxc5 Qxc5 12. c3 Nxd3 13. Qxd3 Qb6 14. b4
Nf8 15. Nd4 Bd7 16. Be3 Qc7 17. f4 Rc8 18. Bd2 Ng6 19. Rae1 Ne7 20. Qg3 Ng6 21.
h4 h5 22. f5 exf5 23. Nxf5 Bxf5 24. Rxf5 Qe7 25. e6 1-0

[Event "Campeonato de España Femenino 2008"]
[Site "Novetle ESP"]
[Date "2008.08.05"]
[Round "2.1"]
[White "Pares Vives, Natalia"]
[Black "Gonzalez Berruga, Ana Isabel"]
[Result "1/2-1/2"]
[PlyCount "67"]
[EventDate "2008.08.04"]
[EventType "swiss"]
[EventRounds "9"]
[EventCountry "ESP"]
[Source "lmi"]
[SourceDate "2008.08.04"]
[WhiteElo "2321"]
[BlackElo "2021"]

1. e4 c5 2. Nf3 d6 3. d4 cxd4 4. Nxd4 Nf6 5. Nc3 g6 6. Be3 Bg7 7. f3 O-O 8. Qd2
Nc6 9. O-O-O Bd7 10. g4 h5 11. Bh6 hxg4 12. Nf5 Bxf5 13. exf5 Ne5 14. Bxg7 Kxg7
15. f4 Nf3 16. Qd3 Qa5 17. fxg6 fxg6 18. h3 Qf5 19. Qe3 e5 20. fxe5 dxe5 21.
hxg4 Nxg4 22. Qe2 Nd4 23. Qg2 Ne3 24. Qxb7+ Rf7 25. Qe4 Nxd1 26. Kxd1 Rd8 27.
Bd3 Nb5 28. Nd5 Nc7 29. Rh7+ Kg8 30. Qh4 Rxd5 31. Rh8+ Kg7 32. Rh7+ Kg8 33.
Rh8+ Kg7 34. Rh7+ 1/2-1/2

[Event "Campeonato de España Femenino 2008"]
[Site "Novetle ESP"]
[Date "2008.08.05"]
[Round "2.2"]
[White "Gil Quilez, Sonia"]
[Black "Vega Gutierrez, Sabrina"]
[Result "1/2-1/2"]
[PlyCount "128"]
[EventDate "2008.08.04"]
[EventType "swiss"]
[EventRounds "9"]
[EventCountry "ESP"]
[Source "lmi"]
[SourceDate "2008.08.04"]
[WhiteElo "2017"]
[BlackElo "2281"]

1. d4 d6 2. c4 e5 3. Nc3 exd4 4. Qxd4 Nc6 5. Qd1 Nf6 6. e4 g6 7. Nge2 Bg7 8.
Nf4 O-O 9. Be2 Re8 10. f3 Nd7 11. O-O Nc5 12. Na4 Nd4 13. Nxc5 dxc5 14. Bd3 c6
15. Rb1 Qd6 16. Qe1 Ne6 17. Nxe6 Bxe6 18. Be2 Bxc4 19. Bxc4 Qd4+ 20. Kh1 Qxc4
21. b3 Qc2 22. Be3 Qxa2 23. Bxc5 b6 24. Be3 c5 25. Qc1 Qe2 26. Re1 Qb5 27. Qc2
Rad8 28. Rbd1 Rxd1 29. Rxd1 f5 30. Bf2 fxe4 31. fxe4 Qb4 32. Re1 Rd8 33. Rf1
Rd2 34. Qb1 Be5 35. Be1 Rb2 36. Qd3 Qd4 37. Qf3 Qd6 38. Bc3 Bxc3 39. Qxc3 Qd4
40. Qf3 Qg7 41. e5 Qe7 42. h3 Rd2 43. e6 Rd6 44. Qa8+ Rd8 45. Qe4 Re8 46. Re1
b5 47. Qc6 b4 48. Re5 Kg7 49. Rxc5 Qxe6 50. Qb7+ Re7 51. Qxb4 Qe1+ 52. Qxe1
Rxe1+ 53. Kh2 Re7 54. b4 Rb7 55. Ra5 Kf6 56. Kg3 h5 57. Kf3 Ke6 58. Ke3 h4 59.
Kd3 Rxb4 60. Rxa7 Rb2 61. Ra4 Rxg2 62. Rxh4 Kf5 63. Ke3 g5 64. Rh8 Ke5 1/2-1/2

[Event "Campeonato de España Femenino 2008"]
[Site "Novetle ESP"]
[Date "2008.08.05"]
[Round "2.3"]
[White "Garcia Vicente, Nieves"]
[Black "Velandrino Gomez, Maria Cielo"]
[Result "1/2-1/2"]
[PlyCount "114"]
[EventDate "2008.08.04"]
[EventType "swiss"]
[EventRounds "9"]
[EventCountry "ESP"]
[Source "lmi"]
[SourceDate "2008.08.04"]
[WhiteElo "2214"]
[BlackElo "1995"]

1. d4 d5 2. c4 c6 3. Nc3 Nf6 4. e3 a6 5. Qc2 e6 6. Nf3 c5 7. cxd5 exd5 8. dxc5
Bxc5 9. Be2 Nc6 10. O-O O-O 11. Rd1 Ba7 12. Bd2 Be6 13. Be1 h6 14. Nd4 Nxd4 15.
exd4 Rc8 16. Qd2 Qd6 17. Rac1 Rfe8 18. a3 Bd7 19. f3 Nh5 20. Bf2 Nf4 21. Bf1
Bb8 22. Bg3 Bc6 23. Ne2 Nxe2+ 24. Bxe2 Qf6 25. Bxb8 Rxb8 26. Bf1 Re6 27. Re1
Rbe8 28. Rxe6 Rxe6 29. h3 Qh4 30. b3 Qe7 31. a4 Re3 32. Rc3 Rxc3 33. Qxc3 Qe8
34. Kf2 Qe6 35. Bd3 g6 36. Qd2 Kg7 37. Qe3 Qxe3+ 38. Kxe3 Kf6 39. h4 Ke6 40.
Kf4 Kf6 41. g3 Bd7 42. g4 g5+ 43. Kg3 Ke7 44. f4 f6 45. hxg5 hxg5 46. Be2 Kd6
47. Kf3 b5 48. a5 Bc8 49. b4 Bd7 50. Bd3 Ke7 51. Bc2 Kd6 52. Bg6 Ke7 53. Kg3
Be8 54. Bf5 Bd7 55. Kf3 Kd6 56. Bg6 Ke7 57. Bh7 Be6 1/2-1/2

[Event "Campeonato de España Femenino 2008"]
[Site "Novetle ESP"]
[Date "2008.08.05"]
[Round "2.4"]
[White "Redondo Arguelles, Graciela"]
[Black "Collado Barbas, Laura"]
[Result "1/2-1/2"]
[PlyCount "170"]
[EventDate "2008.08.04"]
[EventType "swiss"]
[EventRounds "9"]
[EventCountry "ESP"]
[Source "lmi"]
[SourceDate "2008.08.04"]
[WhiteElo "2120"]
[BlackElo "1983"]

1. e4 e6 2. d4 d5 3. exd5 exd5 4. Bd3 Nc6 5. Ne2 Bd6 6. Nbc3 Be6 7. Be3 Nf6 8.
Qd2 a6 9. a3 Qd7 10. Bf4 Be7 11. O-O O-O 12. Rfe1 Rfe8 13. Rad1 Rac8 14. Bg5
Bf5 15. Qf4 Bg6 16. h4 Bd6 17. Qf3 Be4 18. Bxe4 dxe4 19. Qh3 Qxh3 20. gxh3 Nd7
21. Ng3 h6 22. Bc1 Bxg3 23. fxg3 Nf6 24. g4 Rcd8 25. g5 hxg5 26. hxg5 Nh7 27.
Be3 g6 28. h4 Nf8 29. Bf2 e3 30. Rxe3 Rxe3 31. Bxe3 Ne7 32. Ne4 Nf5 33. Bf2 Ne6
34. c3 Nf4 35. Nf6+ Kf8 36. Kh2 c6 37. Bg3 Ne2 38. Bf2 Nf4 39. Rd2 Nd5 40. Re2
Nxf6 41. gxf6 Rd6 42. Kh3 Rxf6 43. Kg4 Rd6 44. h5 Nh6+ 45. Kh4 Rd5 46. hxg6
fxg6 47. Re5 Kf7 48. Kg5 Rxe5+ 49. dxe5 Nf5 50. Ba7 Ke6 51. Bb8 Ne3 52. Kxg6
Nc4 53. Kg5 Nxb2 54. Kf4 Nd1 55. Ke4 Nxc3+ 56. Kd3 Nd5 57. a4 Nb6 58. a5 Nd7
59. Bc7 Nxe5+ 60. Kd4 Nd7 61. Bh2 Nf6 62. Kc5 Kd7 63. Bf4 Nd5 64. Bh2 Nf6 65.
Bf4 Ne4+ 66. Kd4 Nd6 67. Kc5 Nc8 68. Bh2 Ke6 69. Bg3 Kf5 70. Bc7 Ke4 71. Bd8
Kd3 72. Bf6 Kc2 73. Bg5 Kb3 74. Bf6 Ka4 75. Bd8 Kb3 76. Bg5 Kc3 77. Bh4 Kd3 78.
Bg5 Ke4 79. Bh4 Ke5 80. Bg3+ Ke6 81. Bh2 Ne7 82. Kb6 Nd5+ 83. Kxb7 Ne3 84. Kxa6
Nc4 85. Bc7 Nxa5 1/2-1/2

[Event "Campeonato de España Femenino 2008"]
[Site "Novetle ESP"]
[Date "2008.08.05"]
[Round "2.5"]
[White "Rodriguez Lorenzo, Yadira"]
[Black "Gonzalez Berruga, Ana Isabel"]
[Result "1-0"]
[PlyCount "75"]
[EventDate "2008.08.04"]
[EventType "swiss"]
[EventRounds "9"]
[EventCountry "ESP"]
[Source "lmi"]
[SourceDate "2008.08.04"]
[WhiteElo "1984"]
[BlackElo "2021"]

1. e4 e5 2. Nf3 Nc6 3. d4 exd4 4. Nxd4 g6 5. Nc3 Bg7 6. Be3 Nge7 7. Be2 O-O 8.
O-O d6 9. Nb3 f5 10. Qc1 fxe4 11. Nxe4 Nf5 12. Bg5 Qe8 13. Bc4+ Kh8 14. Re1 Ne5
15. Nc3 h6 16. Bf4 g5 17. Bg3 Nxg3 18. hxg3 Qh5 19. Be2 Bg4 20. f3 Bxf3 21.
Bxf3 Nxf3+ 22. gxf3 Rxf3 23. Re3 Raf8 24. Qe1 c5 25. Rd1 Rxe3 26. Qxe3 Re8 27.
Qd3 Qg4 28. Qxd6 c4 29. Nc5 b5 30. N3e4 Kh7 31. Qd5 Re5 32. Qd7 Qf3 33. Rf1
Qe3+ 34. Kg2 Rxe4 35. Qf5+ Kh8 36. Nxe4 Qe2+ 37. Rf2 Qe3 38. Qg6 1-0

[Event "Campeonato de España Femenino 2008"]
[Site "Novetle ESP"]
[Date "2008.08.05"]
[Round "2.6"]
[White "Ares Campo, Iria"]
[Black "Nieto Asencio, Mari Carmen"]
[Result "1/2-1/2"]
[PlyCount "73"]
[EventDate "2008.08.04"]
[EventType "swiss"]
[EventRounds "9"]
[EventCountry "ESP"]
[Source "lmi"]
[SourceDate "2008.08.04"]
[WhiteElo "2059"]
[BlackElo "1746"]

1. Nf3 c5 2. b3 Nf6 3. Bb2 g6 4. e4 Bg7 5. Qe2 O-O 6. g3 b6 7. e5 Ne8 8. Bg2
Bb7 9. O-O Nc6 10. Nc3 Nc7 11. Nd1 d5 12. exd6 exd6 13. Bxg7 Kxg7 14. d3 Qd7
15. Qd2 Rfe8 16. Ne3 d5 17. d4 Rad8 18. Rfd1 f6 19. h4 Ba6 20. Re1 c4 21. h5 b5
22. b4 Bc8 23. c3 g5 24. Nh2 Qf7 25. Qd1 h6 26. a4 a6 27. Bf3 f5 28. g4 f4 29.
Nc2 Re7 30. Qd2 Rde8 31. axb5 axb5 32. Rxe7 Rxe7 33. Re1 Qe8 34. Rxe7+ Qxe7 35.
Qe1 Qxe1+ 36. Nxe1 Kf6 37. Kf1 1/2-1/2

[Event "Campeonato de España Femenino 2008"]
[Site "Novetle ESP"]
[Date "2008.08.05"]
[Round "2.7"]
[White "Aranaz Murillo, Amalia"]
[Black "Penas Hernandez, Yolanda"]
[Result "1-0"]
[PlyCount "89"]
[EventDate "2008.08.04"]
[EventType "swiss"]
[EventRounds "9"]
[EventCountry "ESP"]
[Source "lmi"]
[SourceDate "2008.08.04"]
[WhiteElo "1959"]
[BlackElo "2034"]

1. Nf3 f5 2. c4 Nf6 3. g3 g6 4. b4 Bg7 5. Bb2 O-O 6. Bg2 d6 7. d4 Qe8 8. O-O h6
9. Nbd2 c6 10. Rc1 g5 11. Ne1 e5 12. c5 d5 13. dxe5 Ng4 14. Ndf3 Nxe5 15. Nxe5
Bxe5 16. Bxd5+ Kh7 17. Bxe5 Qxe5 18. Bf3 Be6 19. Nd3 Qf6 20. Qc2 Nd7 21. a4 Qf7
22. Qb2 Nf6 23. Ne5 Qc7 24. Nc4 Nd5 25. Nd6 b6 26. Qe5 Bg8 27. cxb6 Qxb6 28. e4
Nf6 29. Qe7+ Kh8 30. Nxf5 Rf7 31. Qc5 Qd8 32. Nxh6 Rh7 33. Nxg8 Qxg8 34. Qf5
Rf8 35. Rxc6 Qg7 36. Bg2 g4 37. f4 Rh5 38. Qe6 Qh7 39. e5 Rxh2 40. exf6 Rxg2+
41. Kxg2 Qh3+ 42. Kf2 Qh2+ 43. Ke1 Qxg3+ 44. Ke2 Rd8 45. Rh1+ 1-0

[Event "Campeonato de España Femenino 2008"]
[Site "Novetle ESP"]
[Date "2008.08.05"]
[Round "2.8"]
[White "Perez Castellano, Susana"]
[Black "Gutierrez Castillo, Paloma"]
[Result "1-0"]
[PlyCount "91"]
[EventDate "2008.08.04"]
[EventType "swiss"]
[EventRounds "9"]
[EventCountry "ESP"]
[Source "lmi"]
[SourceDate "2008.08.04"]
[WhiteElo "1857"]
[BlackElo "2157"]

1. e4 e5 2. Nf3 Nc6 3. d4 exd4 4. Nxd4 g6 5. Nc3 Bg7 6. Be3 Nf6 7. Bc4 O-O 8.
O-O d6 9. Nxc6 bxc6 10. Qd2 Ng4 11. Bf4 Ne5 12. Bb3 Ba6 13. Rfe1 Re8 14. Rad1
Qc8 15. Bh6 Bh8 16. h3 Nc4 17. Qf4 Be5 18. Qf3 Qd7 19. Bxc4 Bxc4 20. b3 Be6 21.
Ne2 Qe7 22. Nf4 Qh4 23. Nxe6 Rxe6 24. Bc1 Rae8 25. Qe3 c5 26. Qd3 Bd4 27. Rf1
Rxe4 28. c3 Bg7 29. Bd2 c4 30. Qd5 cxb3 31. axb3 R4e5 32. Qb7 Rc5 33. c4 Rf5
34. Qxc7 Bd4 35. Be3 Be5 36. Qxa7 Rf3 37. Qd7 Re7 38. Qc8+ Kg7 39. gxf3 Re6 40.
Kg2 Bf4 41. Bxf4 Qxf4 42. Qd8 Re5 43. Rd5 Rxd5 44. cxd5 Qd4 45. Qxd6 Qd2 46.
Qe5+ 1-0

[Event "Campeonato de España Femenino 2008"]
[Site "Novetle ESP"]
[Date "2008.08.05"]
[Round "3.1"]
[White "Aranaz Murillo, Amalia"]
[Black "Rodriguez Lorenzo, Yadira"]
[Result "1-0"]
[PlyCount "121"]
[EventDate "2008.08.04"]
[EventType "swiss"]
[EventRounds "9"]
[EventCountry "ESP"]
[Source "lmi"]
[SourceDate "2008.08.04"]
[WhiteElo "1959"]
[BlackElo "1984"]

1. Nf3 d5 2. d4 Nf6 3. c4 e6 4. Nc3 c6 5. Qb3 Be7 6. Bg5 O-O 7. e3 Nbd7 8. Bd3
Re8 9. O-O b6 10. Rac1 Bb7 11. Bxf6 Nxf6 12. cxd5 Nxd5 13. Nxd5 exd5 14. Ne5
Rc8 15. Qa4 Bd6 16. Bf5 Rc7 17. Nf3 c5 18. Rfd1 Rce7 19. Bb1 Qb8 20. h3 g6 21.
Qc2 a6 22. Qd2 Re6 23. Bd3 Qd8 24. Bf1 Qf6 25. Qc3 h6 26. dxc5 Qxc3 27. Rxc3
bxc5 28. Rb3 R8e7 29. Rbd3 Kg7 30. Rc1 g5 31. Rdd1 f5 32. Bd3 Kf6 33. Bb1 d4
34. Nd2 Be5 35. Rxc5 dxe3 36. fxe3 Rc7 37. Rxc7 Bxc7 38. Nc4 Bc6 39. Kf2 h5 40.
b3 h4 41. a4 Bg3+ 42. Kf1 g4 43. Bd3 Re7 44. Be2 Kg5 45. Rd8 gxh3 46. gxh3 Be4
47. Bd3 Bxd3+ 48. Rxd3 Rb7 49. Ke2 Re7 50. Kf3 Rb7 51. Nd2 Be1 52. Nc4 Bg3 53.
e4 fxe4+ 54. Kxe4 Re7+ 55. Kf3 Re1 56. Rd5+ Kf6 57. Ra5 Re6 58. Ne3 Be1 59. Rd5
Rb6 60. Rd3 Bg3 61. Nd5+ 1-0

[Event "Campeonato de España Femenino 2008"]
[Site "Novetle ESP"]
[Date "2008.08.05"]
[Round "3.2"]
[White "Gil Quilez, Sonia"]
[Black "Pares Vives, Natalia"]
[Result "0-1"]
[PlyCount "60"]
[EventDate "2008.08.04"]
[EventType "swiss"]
[EventRounds "9"]
[EventCountry "ESP"]
[Source "lmi"]
[SourceDate "2008.08.04"]
[WhiteElo "2017"]
[BlackElo "2321"]

1. d4 Nf6 2. c4 g6 3. Nc3 Bg7 4. e4 d6 5. Nf3 O-O 6. h3 Nbd7 7. Be2 e5 8. d5
Nc5 9. Qc2 a5 10. Bg5 h6 11. Be3 Ne8 12. Qd2 Kh7 13. g4 f5 14. gxf5 gxf5 15.
exf5 Bxf5 16. O-O-O Qe7 17. Ne1 a4 18. Nc2 Qh4 19. Rdf1 a3 20. Nxa3 Nf6 21. f3
Nfd7 22. Rfg1 Rg8 23. Nd1 b5 24. cxb5 e4 25. Nc3 exf3 26. Bf1 Ne4 27. Nxe4 Qxe4
28. Rxg7+ Rxg7 29. Qd4 Ne5 30. Kd2 f2 0-1

[Event "Campeonato de España Femenino 2008"]
[Site "Novetle ESP"]
[Date "2008.08.05"]
[Round "3.3"]
[White "Vega Gutierrez, Sabrina"]
[Black "Beltran Ortiz, Edda Georgina"]
[Result "1-0"]
[PlyCount "63"]
[EventDate "2008.08.04"]
[EventType "swiss"]
[EventRounds "9"]
[EventCountry "ESP"]
[Source "lmi"]
[SourceDate "2008.08.04"]
[WhiteElo "2281"]
[BlackElo "1909"]

1. e4 c5 2. d3 Nc6 3. g3 g6 4. Bg2 Bg7 5. f4 e6 6. Nf3 Nge7 7. O-O O-O 8. c3 d5
9. e5 d4 10. c4 Rb8 11. Na3 a6 12. Nc2 b5 13. b3 Bd7 14. Ng5 Qb6 15. Ne4 Rfd8
16. Ba3 b4 17. Bc1 a5 18. g4 a4 19. Qe1 Ra8 20. Rb1 axb3 21. axb3 Ra2 22. Bb2
h6 23. Qh4 Be8 24. Ne1 Rda8 25. Bh3 R8a5 26. Nf3 Qc7 27. Bc1 Bd7 28. Nf6+ Kf8
29. f5 exf5 30. Bxh6 Nxe5 31. Nxe5 Qxe5 32. Nxd7+ 1-0

[Event "Campeonato de España Femenino 2008"]
[Site "Novetle ESP"]
[Date "2008.08.05"]
[Round "3.5"]
[White "Nieto Asencio, Mari Carmen"]
[Black "Redondo Arguelles, Graciela"]
[Result "0-1"]
[PlyCount "46"]
[EventDate "2008.08.04"]
[EventType "swiss"]
[EventRounds "9"]
[EventCountry "ESP"]
[Source "lmi"]
[SourceDate "2008.08.04"]
[WhiteElo "1746"]
[BlackElo "2120"]

1. d4 Nf6 2. Nf3 g6 3. Nc3 Bg7 4. e4 d6 5. h3 c6 6. Be3 Qa5 7. Qd2 Nbd7 8. Be2
b5 9. a3 b4 10. Na2 Nxe4 11. Qxb4 Qc7 12. Qc4 d5 13. Qd3 O-O 14. O-O e5 15. c3
c5 16. dxe5 Bb7 17. Rab1 Nxe5 18. Nxe5 Qxe5 19. g3 Nxg3 20. Rfe1 d4 21. Bd2
Nxe2+ 22. Rxe2 Qd5 23. f3 Qxa2 0-1

[Event "Campeonato de España Femenino 2008"]
[Site "Novetle ESP"]
[Date "2008.08.05"]
[Round "3.6"]
[White "Velandrino Gomez, Maria Cielo"]
[Black "Ares Campo, Iria"]
[Result "1/2-1/2"]
[PlyCount "96"]
[EventDate "2008.08.04"]
[EventType "swiss"]
[EventRounds "9"]
[EventCountry "ESP"]
[Source "lmi"]
[SourceDate "2008.08.04"]
[WhiteElo "1995"]
[BlackElo "2059"]

1. d4 d6 2. Nf3 Bg4 3. Bf4 Nf6 4. e3 c6 5. Nbd2 g6 6. h3 Bc8 7. Be2 Bg7 8. O-O
O-O 9. c3 Nbd7 10. a4 Re8 11. Nc4 c5 12. Bh2 b6 13. b4 Ne4 14. Qb3 Bb7 15. bxc5
dxc5 16. Ra3 Bd5 17. Qb1 Rc8 18. Rc1 f6 19. a5 bxa5 20. Rxa5 Nb6 21. Rxa7 Nxc4
22. Bxc4 Bxc4 23. Qxe4 Bd5 24. Qb1 cxd4 25. cxd4 Bxf3 26. gxf3 Qd5 27. Rxc8
Rxc8 28. Qe4 Rc1+ 29. Kg2 Qxe4 30. fxe4 Bf8 31. e5 Kf7 32. exf6 Kxf6 33. Be5+
Ke6 34. Ra8 Kf7 35. h4 Bg7 36. Bg3 Rb1 37. Ra5 h5 38. Be5 Bxe5 39. Rxe5 Rd1 40.
Rg5 Re1 41. Rg3 Rd1 42. Rh3 Rd2 43. Kf3 Kg7 44. Rh2 Rd1 45. Ke4 Ra1 46. f4 Kf6
47. Rh3 Rb1 48. Rh2 Ra1 1/2-1/2

[Event "Campeonato de España Femenino 2008"]
[Site "Novetle ESP"]
[Date "2008.08.05"]
[Round "3.7"]
[White "Gonzalez Berruga, Ana Isabel"]
[Black "Perez Castellano, Susana"]
[Result "1-0"]
[PlyCount "75"]
[EventDate "2008.08.04"]
[EventType "swiss"]
[EventRounds "9"]
[EventCountry "ESP"]
[Source "lmi"]
[SourceDate "2008.08.04"]
[WhiteElo "2021"]
[BlackElo "1857"]

1. d4 Nf6 2. c4 c5 3. d5 b5 4. cxb5 a6 5. b6 Qxb6 6. Nc3 d6 7. e4 g6 8. a4 Bg7
9. f4 Qb4 10. e5 dxe5 11. fxe5 Ne4 12. Nf3 Nxc3 13. bxc3 Qe4+ 14. Be2 Bxe5 15.
Ra3 O-O 16. O-O e6 17. d6 Bg7 18. Bg5 f6 19. Nd2 Qb7 20. Be3 Bd7 21. Bf3 Bc6
22. Bxc5 Nd7 23. Be3 Ne5 24. Qe2 Nxf3+ 25. Nxf3 Qd7 26. Bc5 Bxa4 27. Rfa1 Bc6
28. Nd4 Bd5 29. Rxa6 e5 30. Rxa8 Bxa8 31. Ra7 Qc8 32. Qc4+ Kh8 33. d7 Qb8 34.
Bxf8 Bxf8 35. Nb5 Qb6+ 36. Kf1 Qd8 37. Qc8 Qe7 38. Rxa8 1-0